La Argentina aborigen : de los primeros pobladores a 1910 /
Guardado en:
| Autor Principal: | |
|---|---|
| Formato: | Libro |
| Publicado: |
Buenos Aires :
Siglo Veintiuno,
2012
|
| Series: | Biblioteca Básica de Historia / dir. por Luis Alberto Romero
|
| Materias: | |
| Etiquetas: |
Agregar Etiqueta
Sin Etiquetas, Sea el primero en etiquetar este registro!
|
| LEADER | 00720nam a22001935a 4500 | ||
|---|---|---|---|
| 001 | EHU.bham044889 | ||
| 008 | 130507s2012##################000#0#####d | ||
| 005 | 20240710091612.0 | ||
| 245 | 1 | 0 | |a La Argentina aborigen : |b de los primeros pobladores a 1910 / |c Raúl J. Mandrini. |
| 260 | |a Buenos Aires : |b Siglo Veintiuno, |c 2012 | ||
| 300 | |a 288 p. | ||
| 490 | 1 | |a Biblioteca Básica de Historia / dir. por Luis Alberto Romero | |
| 020 | |a 9789876290272 | ||
| 100 | 1 | |a Mandrini, Raúl J. | |
| 082 | 9 | 8 | |a 982.01 M312 |
| 653 | |a Historia argentina | ||
| 653 | |a Pueblos originarios argentinos | ||
| 859 | |a AR-BHAM |b BIB. HUMANIDADES - General |h 982.01 |i M312 |p 289.17 |t Ej.1 | ||
| 859 | |a AR-BHAM |b BIB. HUMANIDADES - General |h 982.01 |i M312 |p 334.24 |t 2 | ||
